Introduction to ordinary differential equations (Record no. 478364)
[ view plain ]
| 000 -LEADER | |
|---|---|
| fixed length control field | 00792nam a2200265 4500 |
| 001 - CONTROL NUMBER | |
| control field | 2268605 |
| 003 - CONTROL NUMBER IDENTIFIER | |
| control field | NUST |
| 005 - DATE AND TIME OF LATEST TRANSACTION | |
| control field | 20180523060808.0 |
| 008 - FIXED-LENGTH DATA ELEMENTS--GENERAL INFORMATION | |
| fixed length control field | 720229s1972 nyua b 001 0 eng |
| 010 ## - LIBRARY OF CONGRESS CONTROL NUMBER | |
| LC control number | 78185031 |
| 020 ## - INTERNATIONAL STANDARD BOOK NUMBER | |
| International Standard Book Number | 0125739575 |
| 038 ## - RECORD CONTENT LICENSOR | |
| Staff Name | SNS Library |
| 040 ## - CATALOGING SOURCE | |
| Original cataloging agency | DLC |
| Transcribing agency | DLC |
| Modifying agency | DLC |
| 050 00 - LIBRARY OF CONGRESS CALL NUMBER | |
| Classification number | QA372 |
| Item number | .R15 1972 |
| 082 00 - DEWEY DECIMAL CLASSIFICATION NUMBER | |
| Classification number | 515.352 |
| 100 1# - MAIN ENTRY--PERSONAL NAME | |
| Personal name | Rabenstein, Albert L. |
| 9 (RLIN) | 10474 |
| 245 10 - TITLE STATEMENT | |
| Title | Introduction to ordinary differential equations |
| Statement of responsibility, etc. | [by] Albert L. Rabenstein. |
| 250 ## - EDITION STATEMENT | |
| Edition statement | 2d enl. ed. |
| Remainder of edition statement | with applications. |
| 260 ## - PUBLICATION, DISTRIBUTION, ETC. | |
| Place of publication, distribution, etc. | New York, |
| Name of publisher, distributor, etc. | Academic Press |
| Date of publication, distribution, etc. | [c1972] |
| 300 ## - PHYSICAL DESCRIPTION | |
| Extent | x, 526 p. |
| Other physical details | illus. |
| Dimensions | 25 cm. |
| 504 ## - BIBLIOGRAPHY, ETC. NOTE | |
| Bibliography, etc. note | Includes bibliographies. |
| 650 #0 - SUBJECT ADDED ENTRY--TOPICAL TERM | |
| Topical term or geographic name entry element | Differential equations. |
| 9 (RLIN) | 688 |
| 906 ## - LOCAL DATA ELEMENT F, LDF (RLIN) | |
| a | 7 |
| b | cbc |
| c | orignew |
| d | 2 |
| e | ncip |
| f | 19 |
| g | y-gencatlg |
| 942 ## - ADDED ENTRY ELEMENTS (KOHA) | |
| Source of classification or shelving scheme | |
| Koha item type | Book |
| Withdrawn status | Lost status | Source of classification or shelving scheme | Damaged status | Not for loan | Permanent Location | Current Location | Date acquired | Total Checkouts | Total Renewals | Full call number | Barcode | Date last seen | Date last checked out | Price effective from | Koha item type |
|---|---|---|---|---|---|---|---|---|---|---|---|---|---|---|---|
| School of Natural Sciences (SNS) | School of Natural Sciences (SNS) | 05/23/2018 | 1 | 1 | 515.352 | SNS0002461 | 09/02/2019 | 08/27/2019 | 05/23/2018 | Book |
